BIBLIOTECA

SENCICO

Fundamentos del diseño / (Registro nro. 253)

Detalles MARC
000 -LEADER
fixed length control field 01495nam a2200265Ia 4500
003 - CONTROL NUMBER IDENTIFIER
control field PE SENCICO BE
005 - DATE AND TIME OF LATEST TRANSACTION
control field 20251020182431.0
008 - FIXED-LENGTH DATA ELEMENTS--GENERAL INFORMATION
fixed length control field 200515s9999 xx 000 0 und d
020 ## - INTERNATIONAL STANDARD BOOK NUMBER
International Standard Book Number 84-252-1643-5
040 ## - CATALOGING SOURCE
Original cataloging agency PE SENCICO BE
Transcribing agency PE SENCICO BE
041 ## - LANGUAGE CODE
Language code of text/sound track or separate title spa
082 ## - DEWEY DECIMAL CLASSIFICATION NUMBER
Classification number 745.4
Item number W84 1997
100 1# - MAIN ENTRY--PERSONAL NAME
Personal name Wong, Wucius
9 (RLIN) 2585
Relator term autor
245 10 - TITLE STATEMENT
Title Fundamentos del diseño /
Statement of responsibility, etc. Wucius Wong
250 ## - EDITION STATEMENT
Edition statement 2a ed.
260 ## - PUBLICATION, DISTRIBUTION, ETC.
Place of publication, distribution, etc. Barcelona :
Name of publisher, distributor, etc. Gustavo Gili ;
Date of publication, distribution, etc. 1997
300 ## - PHYSICAL DESCRIPTION
Extent 348 p. :
Other physical details il., graf. ;
Dimensions 23 cm.
505 0# - FORMATTED CONTENTS NOTE
Formatted contents note Estructura bi-dimensional -- Forma -- Repetición -- Estructura -- Similitud -- Gradación -- Radiación -- Anomalía -- Contraste -- Concentración -- Textura -- Espacio -- Aspectos de la forma -- La visualización de la forma -- Tipos de forma -- Tipos de figura -- Creación de figuras geométricas -- Variaciones de una forma -- Formas figurativas -- Composiciones independientes -- Composiciones con repetición -- Composiciones con radiación -- Composición con gradación -- Composiciones con semejanza -- Composición con contraste -- Composición con anomalía -- Diseño tridimensional -- Planos seriados -- Estructura de pared -- Prismas y cilindros -- Estructuras poliédricas -- Planos triangulares -- Estructura lineal -- Capas lineales -- Lineas enlazadas
650 10 - SUBJECT ADDED ENTRY--TOPICAL TERM
Topical term or geographic name entry element Diseño
9 (RLIN) 965
650 20 - SUBJECT ADDED ENTRY--TOPICAL TERM
Topical term or geographic name entry element Formas
9 (RLIN) 1945
650 20 - SUBJECT ADDED ENTRY--TOPICAL TERM
Topical term or geographic name entry element Percepción visual
9 (RLIN) 89
650 20 - SUBJECT ADDED ENTRY--TOPICAL TERM
Topical term or geographic name entry element Artes visuales
9 (RLIN) 17
650 20 - SUBJECT ADDED ENTRY--TOPICAL TERM
Topical term or geographic name entry element Color en el diseño
9 (RLIN) 1793
942 ## - ADDED ENTRY ELEMENTS (KOHA)
Koha item type Libros
Source of classification or shelving scheme Dewey Decimal Classification
Existencias
Fecha de la última vez que lo usaron Número de ingreso o de inventario Pago total Signatura topográfica completa Código de barras Precio efectivo desde Tipo de documento Estado perdido Sistema de clasificación Estado dañado No es para préstamo Retirado Ubicación permanente Ubicación actual Fecha de adquisición
15/05/2020 8948   745.4/W84/1997 BibLima24100005 15/05/2020 Libros   Dewey Decimal Classification       Biblioteca Central Lima Biblioteca Central Lima 15/05/2020